Statistiques concernant Chansons québécoises à leurs artistes - Click Quiz

Cliquez ici pour prendre le quiz!

Statistiques générales

  • Ce quiz a été pris 93 fois
  • Le résultat moyen est 11 sur 19

Statistiques - réponses

HintRéponse% Correct
Les étoiles filantesLes Cowboys Fringants
79%
Pour que tu m'aimes encoreCéline Dion
77%
La rue PrincipaleLes Colocs
76%
J'en ai plein mon cassÉmile Bilodeau
73%
HawaiienneLes Trois Accords
73%
DégénérationsMes Aïeux
73%
On va s’aimer encoreVincent Vallières
71%
Paradis CityJean Leloup
69%
Dans nos vieilles maisonsLa Bottine Souriante
64%
Le temps des cathédralesBruno Pelletier
63%
Je suis maladeLara Fabien
61%
Embarque ma belleKaïn
60%
Je ne suis qu'une chansonGinette Reno
56%
MeaninglessCharlotte Cardin
54%
Sans cri ni haineMarie-Mai
41%
À tous les vents2Frères
39%
Tout le monde en même tempsLouis-Jean Cormier
37%
PrémonitionCoeur de pirate
36%
Voyager sans toiMario Pelchat
30%

Distribution des résultats

Percentile par nombre de réponses

% des personnes avec chaque résultat

Votre développement - résultats

Vous n’avez pas pris ce quiz